Η Ιερά Μητρόπολις Σάμου και Ικαρίας και το προσφυγικό - μεταναστευτικό πρόβλημα στη Σάμο : κείμενα (2003-2018)

Saved in:
Bibliographic Details
Corporate Author: Ορθόδοξος Εκκλησία της Ελλάδος. Ιερά Μητρόπολις Σάμου και Ικαρίας
Other Authors: Βαρβούνης, Εμμανουήλ Γερ., 1966- (Editor)
Format: Book
Language:Greek
Published: Αθήνα : Ιερά Μητρόπολις Σάμου και Ικαρίας, 2019.
Series:Σειρά Επιστημονικών Μελετημάτων (Κέντρο Εκκλησιαστικών Ιστορικών κι Πολιτισμικών Μελετών) 5
Subjects:
Tags: Add Tag
No Tags, Be the first to tag this record!

MARC

LEADER 00000nam a2200000 a 4500
001 1/127296
008 230919t2019####gr | ||| |||| ||gre||
020 |a 9786188198210 
040 |a GR-MyUa  |b gre  |c GR-MyUa  |e AACR2 
041 0 |a gre 
082 7 |a 325.21 ΙΕΡ  |2 (23) 
110 2 |a Ορθόδοξος Εκκλησία της Ελλάδος. Ιερά Μητρόπολις Σάμου και Ικαρίας. 
245 1 2 |a Η Ιερά Μητρόπολις Σάμου και Ικαρίας και το προσφυγικό - μεταναστευτικό πρόβλημα στη Σάμο :   |b κείμενα (2003-2018) /   |c Ιερά Μητρόπολις Σάμου και Ικαρίας ; επιμέλεια έκδοσης Μ.Γ. Βαρβούνης. 
260 |a Αθήνα :   |b Ιερά Μητρόπολις Σάμου και Ικαρίας,   |c 2019.  
300 |a 187 σ. ;   |c 24 εκ.  
490 1 |a (Σειρά Επιστημονικών Μελετημάτων / Κέντρο Εκκλησιαστικών Ιστορικών κι Πολιτισμικών Μελετών ;   |v 5) 
650 0 |a Emigration and immigration. 
650 0 |a Refugees  |z Greece  |z Samos (Municipality) 
650 0 |a Immigrants  |z Greece  |z Samos (Municipality) 
651 0 |a Samos (Greece : Municipality)  |x Emigration and immigration. 
700 1 |a Βαρβούνης, Εμμανουήλ Γερ.,   |d 1966-  |e edt 
830 0 |a Σειρά Επιστημονικών Μελετημάτων (Κέντρο Εκκλησιαστικών Ιστορικών κι Πολιτισμικών Μελετών)  |v 5 
852 |a INST  |b SAMOS  |e 20230918  |h 325.21 ΙΕΡ  |p 005300047766  |q 005300047766  |t BK  |y 0 
970 |a Γουβάλα  |b Βάσω  |z 19-09-2023